| 000 | 00934nam a22003017a 4500 | ||
|---|---|---|---|
| 003 | CHAP | ||
| 005 | 20220329135731.0 | ||
| 008 | 971013s1971 r 00010 d | ||
| 010 | _a41268 | ||
| 011 | _a42240 | ||
| 035 | _a46368 | ||
| 040 | _cCHAP | ||
| 090 | _aFolleto 9223 | ||
| 110 |
_aFondo Nacional de Investigaciones Agropecuarias. Maracay _942124 |
||
| 245 | _aEnsayos regionales de sorgo granitero, 197 -19 . | ||
| 260 |
_aCaracas : _bEl Fondo, _c197 -19 . |
||
| 300 | _av. | ||
| 500 | _aLa biblioteca tiene : 1981 | ||
| 590 |
_aBATCH-UPD _b10 _c20130110 _lUCH01 _h2207 |
||
| 590 |
_aBATCH-UPD _b10 _c20130410 _lUCH01 _h1511 |
||
| 590 |
_aBATCH-UPD _b10 _c20130914 _lUCH01 _h1812 |
||
| 590 |
_aCONVERSION _b10 _c20130109 _lUCH01 _h1323 |
||
| 650 | 1 | 4 |
_aSorgo _xSemilla. _9108720 |
| 700 | 0 |
_aMena T., Héctor A. _ecomp. _974539 |
|
| 901 | _aBK | ||
| 942 | _cFOLL | ||
| 949 |
_aFolleto 9223 _bBC _cFOLL _d-105739 _eTS1 _i46368 _mD _si |
||
| 999 |
_c41268 _d41268 |
||